000 01722nam a22002537a 4500
999 _c59657
_d59657
003 Ge_BSU
005 20230329170423.0
008 230329s2022 ge ||||| |||| 00| 0 geo d
020 _a9789941088742
041 _ageo
080 _a28 ქ-51
100 _aქილავუზი, აჰმედ საიმ
_98004
245 _aისლამის დოგმატიკა :
_b(აყიდა) /
_cპროფ. დრ. აჰმედ საიმ ქილავუზი; მთარგმნელი გიორგი კამლაძე; სარედ. კოლეგია ზურაბ მიქელაძე, ადამ შანთაძე და სხვ.
250 _aმეორე გამოცემა
264 _aბათუმი :
_bერქამი,
_c2022.
300 _a212 გვ.;
_b22 სმ.
500 _aწიგნი გამოცემულია საქართველოს ახალგაზრდებზე დახმარების ასოციაციის მიერ, სრულიად საქართველოს მუსლიმთა სამმართველოს რეკომენდაციით.
653 _aისლამის რწმენის დოგმატიკა
653 _aმუსლიმური ღვთისმეტყველება
700 _aკამლაძე, გიორგი
_eმთარგმნელი
_917351
700 _aმიქელაძე, ზურაბ და სხვ.
_eრედაქტორი
_917352
700 _aშანთაძე, ადამ
_eრედაქტორი
_917353
942 _2udc
_cBK